Eshbach's handbook of engineering fundamentals -(E-BOOK) (Record no. 192772)
[ view plain ]
| 000 -LEADER | |
|---|---|
| fixed length control field | 01925 a2200277 4500 |
| 003 - CONTROL NUMBER IDENTIFIER | |
| control field | Nust |
| 005 - DATE AND TIME OF LATEST TRANSACTION | |
| control field | 20170207154044.0 |
| 010 ## - LIBRARY OF CONGRESS CONTROL NUMBER | |
| LC control number | 2008041561 |
| 020 ## - INTERNATIONAL STANDARD BOOK NUMBER | |
| International Standard Book Number | 0470085789 (cloth : alk. paper) |
| 020 ## - INTERNATIONAL STANDARD BOOK NUMBER | |
| International Standard Book Number | 9780470085783 (cloth : alk. paper) |
| 035 ## - SYSTEM CONTROL NUMBER | |
| System control number | (OCoLC)ocn181603218 |
| 040 ## - CATALOGING SOURCE | |
| Transcribing agency | Nust |
| 082 00 - DEWEY DECIMAL CLASSIFICATION NUMBER | |
| Classification number | 620 |
| 100 1# - MAIN ENTRY--PERSONAL NAME | |
| Personal name | Eshbach, Ovid W. |
| 245 10 - TITLE STATEMENT | |
| Title | Eshbach's handbook of engineering fundamentals -(E-BOOK) |
| Statement of responsibility, etc. | edited by Myer Kutz. |
| 246 30 - VARYING FORM OF TITLE | |
| Title proper/short title | Handbook of engineering fundamentals |
| 250 ## - EDITION STATEMENT | |
| Edition statement | 5th ed. |
| 260 ## - PUBLICATION, DISTRIBUTION, ETC. | |
| Place of publication, distribution, etc. | Hoboken, N.J. : |
| Name of publisher, distributor, etc. | John Wiley, |
| Date of publication, distribution, etc. | c2009. |
| 300 ## - PHYSICAL DESCRIPTION | |
| Extent | xviii, 1302 p. : |
| Other physical details | ill. ; |
| Dimensions | 25 cm. |
| 505 0# - FORMATTED CONTENTS NOTE | |
| Formatted contents note | 1. Mathematical and Physical Units, Standards, and Tables (Page-1) 2. Mathematics (Page-159) 3. Mechanics of Rigid Bodies (Page-308) 4. Selection of Metals for Structural Design (Page-358) 5. Plastics: Information and Properties of Polymeric Materials (Page-392) 6. Overview of Ceramic Materials, Design, and Application (Page-422) 8. Nondestructive Inspection(Page- 509) 9. Mechanics of Incompressible Fluids (Page-552) 10. Aerodynamics of Wings (Page-619) 11. Steady One-Dimensional Gas Dynamics (Page-682) 12. Mathematical Models of Dynamic Physical Systems(Page- 698) 13. Basic Control Systems Design (Page-760) 14. Thermodynamics Fundamentals (Page-802) 15. Heat Transfer Fundamentals (Page-818) 16. Electric Circuits (Page-870) 17. Electronics (Page-949) 18. Light and Radiation (Page-1111) 19. Acoustics (Page-1151) 20. Chemistry (Page-1200) 21. Engineering Economy (Page-1246) 22. Sources of Materials Data (Page-1259) |
| 650 #0 - SUBJECT ADDED ENTRY--TOPICAL TERM | |
| Topical term or geographic name entry element | Engineering |
| 651 ## - SUBJECT ADDED ENTRY--GEOGRAPHIC NAME | |
| Geographic name | E-BOOK |
| 700 1# - ADDED ENTRY--PERSONAL NAME | |
| Personal name | Kutz, Myer. |
| 856 41 - ELECTRONIC LOCATION AND ACCESS | |
| Materials specified | Table of contents only |
| Uniform Resource Identifier | <a href="http://catdir.loc.gov/catdir/toc/ecip0828/2008041561.html">http://catdir.loc.gov/catdir/toc/ecip0828/2008041561.html</a> |
| 856 41 - ELECTRONIC LOCATION AND ACCESS | |
| Materials specified | Table of contents |
| Uniform Resource Identifier | <a href="http://bvbr.bib-bvb.de:8991/F?func=service&doc_library=BVB01&doc_number=017155429&line_number=0001&func_code=DB_RECORDS&service_type=MEDIA">http://bvbr.bib-bvb.de:8991/F?func=service&doc_library=BVB01&doc_number=017155429&line_number=0001&func_code=DB_RECORDS&service_type=MEDIA</a> |
| 942 ## - ADDED ENTRY ELEMENTS (KOHA) | |
| Source of classification or shelving scheme | |
| Koha item type | Book |
| Withdrawn status | Lost status | Source of classification or shelving scheme | Damaged status | Not for loan | Collection code | Permanent Location | Current Location | Date acquired | Total Checkouts | Full call number | Barcode | Date last seen | Price effective from | Koha item type |
|---|---|---|---|---|---|---|---|---|---|---|---|---|---|---|
| Military College of Signals (MCS) | Military College of Signals (MCS) | 12/12/2016 | 620 ESH | MCSEB-2294 | 12/08/2016 | 12/12/2016 | Book |
